000 00805nam a2200265Ia 4500
003 OSt
005 20220928130625.0
006 a|||||r|||| 00| 0
007 ta
008 220927b |||||||| |||| 00| 0 eng d
020 _cUSD 45.00
024 _a143022
037 _b075, 28/02/2020, Excel Book International
_cTextual
040 _aSDCL
_cSDCL
_beng
041 _2eng
_aeng
082 _aV55'N, Q9
100 _aHerbert Ulrich
_9475150
245 0 _aHistory of 20th-century Germany
260 _aNew York
_b Oxford University Press
_c2019
300 _axxii,1242p.
_ccm.
650 _aHistory
700 _a Fowkes Ben Tr.
_9452925
942 _hV55'N, Q9
_cTEXL
_2CC
999 _c787692
_d787692